[Event "Moscow op-E"]
[Site "Moscow"]
[Date "2011.02.05"]
[Round "8.183"]
[White "Surov, Anatoly"]
[Black "Asefi, Zaheeruddeen"]
[Result "0-1"]
[WhiteElo "1863"]
[BlackElo "2078"]
[PlyCount "87"]
[EventDate "2011.01.29"]
[EventType "swiss"]
[EventRounds "9"]
[EventCountry "RUS"]
[SourceTitle "EXT 2022"]
[Source "ChessBase"]
[SourceDate "2021.10.06"]
[SourceVersion "1"]
[SourceVersionDate "2021.10.06"]
[SourceQuality "1"]

1. e4 g6 2. f4 e5 3. Nf3 d5 4. exd5 e4 5. Ne5 Ne7 6. Bc4 Nxd5 7. 0-0 Bc5+ 8. Kh1 0-0 9. d4 exd3 10. Qxd3 c6 11. Rd1 Bf5 12. Qb3 Qe7 13. Na3 a5 14. Bxd5 cxd5 15. Qxd5 Nc6 16. Nxc6 bxc6 17. Qxc6 Be4 18. Qb5 Rad8 19. Bd2 Rb8 20. Qe2 Rxb2 21. Nc4 Rxc2 22. Ne5 Qb7 23. Re1 Bd4 24. Rad1 f5 25. Nc4 Re8 26. Nd6 Bxg2+ 27. Qxg2 Qxg2+ 28. Kxg2 Rxe1 29. Rxe1 Rxd2+ 30. Kh3 Rxa2 31. Re8+ Kg7 32. Re7+ Kh6 33. Nf7+ Kh5 34. Ne5 h6 35. Nf3 Ra3 36. Kg2 Be3 37. Kg3 a4 38. Re6 Rb3 39. Ne5 g5 40. fxg5 hxg5 41. Nf7 g4 42. Kg2 a3 43. Rd6 Rb2+ 44. Kf1 0-1

[Event "Moscow op-B"]
[Site "Moscow"]
[Date "2009.02.06"]
[Round "7"]
[White "Kanaev, Sergey"]
[Black "Surov, Anatoly"]
[Result "1-0"]
[WhiteElo "1400"]
[BlackElo "1905"]
[PlyCount "41"]
[EventDate "2009.01.31"]
[EventType "swiss"]
[EventRounds "9"]
[EventCountry "RUS"]
[SourceTitle "EXT 2012"]
[Source "ChessBase"]
[SourceDate "2011.11.24"]
[SourceVersion "1"]
[SourceVersionDate "2011.11.24"]
[SourceQuality "1"]

1. d4 d5 2. c4 e6 3. Nc3 Nf6 4. Bg5 Nbd7 5. Nf3 c6 6. e3 Bb4 7. Qc2 Qa5 8. Bxf6 Nxf6 9. Nd2 0-0 10. Bd3 dxc4 11. Bxc4 b5 12. Bd3 Bb7 13. Nb3 Qc7 14. a3 Bxc3+ 15. bxc3 h6 16. Nc5 Rac8 17. h4 Nd5 18. h5 f5 19. Nxe6 Qe7 20. Nxf8 Rxf8 21. Kd2 1-0

[Event "Moscow op-B"]
[Site "Moscow"]
[Date "2009.02.04"]
[Round "5"]
[White "Bissembayev, Samgzar"]
[Black "Surov, Anatoly"]
[Result "1-0"]
[WhiteElo "1400"]
[BlackElo "1905"]
[PlyCount "45"]
[EventDate "2009.01.31"]
[EventType "swiss"]
[EventRounds "9"]
[EventCountry "RUS"]
[SourceTitle "EXT 2012"]
[Source "ChessBase"]
[SourceDate "2011.11.24"]
[SourceVersion "1"]
[SourceVersionDate "2011.11.24"]
[SourceQuality "1"]

1. c4 g6 2. Nc3 Bg7 3. g3 Nf6 4. Bg2 d6 5. Nf3 Nc6 6. d4 Bf5 7. 0-0 0-0 8. Nh4 Bd7 9. Re1 Qc8 10. Rb1 Bh3 11. Bh1 Ng4 12. Nf3 Qf5 13. e4 Qh5 14. Nd5 e5 15. b4 a6 16. Nxc7 Rad8 17. Nd5 Kh8 18. Bg5 Nf6 19. b5 Nxd4 20. Nxd4 exd4 21. Nf4 Qxd1 22. Rbxd1 Bg4 23. f3 1-0